000 01025cas a2200301 a 4500
005 20131129031447.0
008 080827c20009999enkgr 0 0eng
020 _a0199255393
041 0 _aeng
080 _a347
_x(094.4)
245 0 0 _aBlackstone's UK & EC competition documents.
246 3 _aBlackstone's UK and EC competition documents
246 3 0 _aUK & EC competition documents
250 _b2nd edition
260 _aOxford :
_bOxford University Press
_c2002.
300 _a643 f.;
_c22 cm.
490 1 _aBlackstone's statutes
500 _aEditor's preface : f. [VII]
505 _aIncludes index.
650 0 _aKufizimi i tregtisë
_zBritania e madhe
650 0 _aLigji antitrust
_zBritania e madhe
650 0 _aKonkurrenca, e padrejtë
_zBritania e madhe
650 0 _aKufizimi i tregtisë
_zVendet e Unionit Europian
650 0 _aLigji antitrust
_zVendet e Unionit Europian
650 0 _aKonkurrenca, e padrejtë
_zVendet e Unionit Europian
830 0 _aBlackstone's statutes.
942 _2udc
_cBK
999 _c369
_d369